000
00289nam a22001217a 4500
082
_a
920
_b
RAW/I
100
_a
RAWAT,INDIRA SINGH
245
_a
INDIAN EXPLORES OF THE 19TH CENTURY
260
_a
INDIA
_b
DIVISION PUBLICATIONS
300
_a
228
650
_a
19TH CENTURY
_z
INDIA
942
_c
BK
999
_c
6730
_d
6730